<?xml version="1.0" encoding="UTF-8"?>
<record
    xmlns:xsi="http://www.w3.org/2001/XMLSchema-instance"
    xsi:schemaLocation="http://www.loc.gov/MARC21/slim http://www.loc.gov/standards/marcxml/schema/MARC21slim.xsd"
    xmlns="http://www.loc.gov/MARC21/slim">

  <leader>00801nam a2200229 i 4500</leader>
  <controlfield tag="001">142087</controlfield>
  <controlfield tag="003">ES-MaACL</controlfield>
  <controlfield tag="005">20260227163007.0</controlfield>
  <controlfield tag="007">t|</controlfield>
  <controlfield tag="008">071002s1959    sp           ||||1| spa d</controlfield>
  <datafield tag="080" ind1=" " ind2=" ">
    <subfield code="a">55(467.33 Alcoy)</subfield>
  </datafield>
  <datafield tag="100" ind1="1" ind2=" ">
    <subfield code="a">Visedo Molt&#xF3;, Camilo.</subfield>
    <subfield code="9">115484</subfield>
  </datafield>
  <datafield tag="245" ind1="1" ind2="0">
    <subfield code="a">Alcoy </subfield>
    <subfield code="b">: geolog&#xED;a : prehistoria / </subfield>
    <subfield code="c">Camilo Visedo Molt&#xF3;.</subfield>
  </datafield>
  <datafield tag="260" ind1=" " ind2=" ">
    <subfield code="a">Alcoy : </subfield>
    <subfield code="b">[s.n.], </subfield>
    <subfield code="c">1959.</subfield>
  </datafield>
  <datafield tag="300" ind1=" " ind2=" ">
    <subfield code="a">80 p. ; </subfield>
    <subfield code="c">22 cm + </subfield>
    <subfield code="e">1 map. pleg.</subfield>
  </datafield>
  <datafield tag="490" ind1="1" ind2=" ">
    <subfield code="a">Publicaciones del Instituto Alcoyano de Cultura "Andr&#xE9;s Sempere"</subfield>
  </datafield>
  <datafield tag="650" ind1="1" ind2="4">
    <subfield code="a">Geolog&#xED;a-</subfield>
    <subfield code="z">Alcoy.</subfield>
    <subfield code="9">13087</subfield>
  </datafield>
  <datafield tag="710" ind1="2" ind2=" ">
    <subfield code="a">Instituto Alcoyano de Cultura "Andr&#xE9;s Sempere"</subfield>
    <subfield code="9">4790</subfield>
  </datafield>
  <datafield tag="830" ind1="0" ind2=" ">
    <subfield code="a">Publicaciones del Instituto Alcoyano de Cultura Andr&#xE9;s Sempere</subfield>
    <subfield code="9">236300</subfield>
  </datafield>
  <datafield tag="852" ind1=" " ind2=" ">
    <subfield code="a">ES-MaACL</subfield>
    <subfield code="j">C-16959 </subfield>
    <subfield code="b">R.44548</subfield>
  </datafield>
  <datafield tag="999" ind1=" " ind2=" ">
    <subfield code="c">142087</subfield>
    <subfield code="d">142087</subfield>
  </datafield>
  <datafield tag="952" ind1=" " ind2=" ">
    <subfield code="0">0</subfield>
    <subfield code="1">0</subfield>
    <subfield code="4">0</subfield>
    <subfield code="7">0</subfield>
    <subfield code="a">ATENEOM</subfield>
    <subfield code="b">ATENEOM</subfield>
    <subfield code="c">Galer&#xED;a</subfield>
    <subfield code="d">2008-01-17</subfield>
    <subfield code="e">SC</subfield>
    <subfield code="l">0</subfield>
    <subfield code="o">C-16959</subfield>
    <subfield code="p">1147841</subfield>
    <subfield code="r">2023-02-23 00:00:00</subfield>
    <subfield code="w">2023-02-23</subfield>
    <subfield code="y">MONOGRAFIA</subfield>
  </datafield>
</record>
